Catálogo público

Empaquetado de la carne y productos cárnicos / (Record no. 175229)

MARC details
000 -CABECERA
campo de control de longitud fija 01185nam a2200337Ia 4500
001 - NÚMERO DE CONTROL
campo de control dia_4564
003 - IDENTIFICADOR DEL NÚMERO DE CONTROL
campo de control CHAP
005 - FECHA Y HORA DE LA ÚLTIMA TRANSACCIÓN
campo de control 20251021152211.0
008 - DATOS DE LONGITUD FIJA--INFORMACIÓN GENERAL
campo de control de longitud fija 220117s1972 xx 000 0 und d
010 ## - NÚMERO DE CONTROL DE LA BIBLIOTECA DEL CONGRESO
Número de control de LC 175229
040 ## - FUENTE DE LA CATALOGACIÓN
Centro/agencia transcriptor CHAP
082 ## - NÚMERO DE LA CLASIFICACIÓN DECIMAL DEWEY
Número de clasificación 664.922 E34 1972
100 ## - ENTRADA PRINCIPAL--NOMBRE DE PERSONA
Nombre de persona Effenberger, Gerhard
9 (RLIN) 35744
245 ## - MENCIÓN DE TÍTULO
Título Empaquetado de la carne y productos cárnicos /
Mención de responsabilidad, etc. Gerhard Effenberger y Kurt Schotte ; traducción José Romero Muñoz de Arenillas
260 ## - PUBLICACIÓN, DISTRIBUCIÓN, ETC.
Lugar de publicación, distribución, etc. España :
Nombre del editor, distribuidor, etc. Acribia,
Fecha de publicación, distribución, etc. 1972
300 ## - DESCRIPCIÓN FÍSICA
Extensión 186 p.
440 ## - MENCIÓN DE SERIE/PUNTO DE ACCESO ADICIONAL--TÍTULO
Título Ciencia y tecnología de la carne. Teoría y práctica ; 3
9 (RLIN) 156180
500 ## - NOTA GENERAL
Nota general Título original: Verpackung von Fleisch und Fleischwaren
503 ## - NOTA DE HISTORIA BIBLIOGRÁFICA (BK CF MU) [OBSOLETO]
Nota de historia bibliográfica C/e
504 ## - NOTA DE BIBLIOGRAFÍA, ETC.
Nota de bibliografía, etc. Incluye bibliografías
590 ## - NOTA LOCAL (RLIN)
Nota local TS1970 E34 1972
650 ## - PUNTO DE ACCESO ADICIONAL DE MATERIA--TÉRMINO DE MATERIA
Término de materia o nombre geográfico como elemento de entrada Carne
Subdivisión general Empaques
-- Industria
9 (RLIN) 156181
650 ## - PUNTO DE ACCESO ADICIONAL DE MATERIA--TÉRMINO DE MATERIA
Término de materia o nombre geográfico como elemento de entrada Industria y comercio de la carne
9 (RLIN) 138318
650 ## - PUNTO DE ACCESO ADICIONAL DE MATERIA--TÉRMINO DE MATERIA
Término de materia o nombre geográfico como elemento de entrada Meat industry and trade
9 (RLIN) 151411
700 ## - PUNTO DE ACCESO ADICIONAL--NOMBRE DE PERSONA
Nombre de persona Romero Muñoz de Arenillas, José, tr.
9 (RLIN) 156182
700 ## - PUNTO DE ACCESO ADICIONAL--NOMBRE DE PERSONA
Nombre de persona Schotte, Kurt, coaut.
9 (RLIN) 156183
901 ## - ELEMENTOS DE DATOS A LOCAL LDA (RLIN)
a 664.922 E34 1972
902 ## - ELEMENTOS DE DATOS B LOCAL, LDB (RLIN)
a M
905 ## - ELEMENTOS DE DATOS E LOCAL, LDE (RLIN)
a 5232271972 sp admn8222223322spa16
942 ## - ELEMENTOS DE PUNTO DE ACCESO ADICIONAL (KOHA)
Tipo de ítem Koha Libro
Fuente del sistema de clasificación o colocación Dewey Decimal Classification
Holdings
Estado de retiro Estado de pérdida Fuente del sistema de clasificación o colocación Estado dañado No para préstamo Código de colección Localización permanente Ubicación/localización actual Fecha de adquisición Información codificada de la localización en otra ubicación Total de préstamos Signatura topográfica completa Código de barras Fecha visto por última vez Fecha del último préstamo Número de copia Precio válido a partir de Tipo de ítem Koha Restricciones de uso Fuente de adquisición
    Dewey Decimal Classification     General Ingenieria Agroindustrial Ingenieria Agroindustrial 18/01/2022 1 1 664.922 E34 1972 dia_000928 31/05/2024 31/05/2024 3 18/01/2022 Libro    
    Dewey Decimal Classification     General Ingenieria Agroindustrial Ingenieria Agroindustrial 24/01/1975     664.922 E34 1972 dia_000748 18/01/2022   Ej. 1   Libro Préstamo interno Compra Vale 290 (24-1-1975)
    Dewey Decimal Classification     General Ingenieria Agroindustrial Ingenieria Agroindustrial 24/01/1975     664.922 E34 1972 dia_000749 18/01/2022   Ej. 2   Libro Préstamo 5 días Compra Vale 290 (24-1-1975)